Estudio de las distorsiones en la señal sobre redes HFC
Wedi'i Gadw mewn:
| Prif Awdur: | |
|---|---|
| Fformat: | Llyfr |
| Cyhoeddwyd: |
[San José, Costa Rica]
2010
|
| Pynciau: | |
| Tagiau: |
Ychwanegu Tag
Dim Tagiau, Byddwch y cyntaf i dagio'r cofnod hwn!
|
MARC
| LEADER | 00000nam a2200000Ia 4500 | ||
|---|---|---|---|
| 003 | 010117 | ||
| 005 | 20221231144032.0 | ||
| 008 | 140114s2010 cr a 000 ||s d | ||
| 040 | |c cru CEDI | ||
| 090 | |a TFG 6261 | ||
| 100 | |a Izaguirre Zúñiga, Pablo |9 1717 | ||
| 245 | |a Estudio de las distorsiones en la señal sobre redes HFC | ||
| 260 | |c 2010 |b [San José, Costa Rica] | ||
| 500 | |a IE-0502 Proyecto Eléctrico. Tesis (bachillerato de ingeniería eléctrica)--Universidad de Costa Rica, Facultad de Ingeniería, Escuela de Ingeniería Eléctrica | ||
| 650 | |x MODULACION DE IMPULSOS EN FRECUENCIA |x REDES DE TELECOMUNICACIONES |x MATERIALES COMPUESTOS |9 2828 | ||
| 942 | |c TFG | ||
| 999 | |c 15943 |d 15943 | ||
